000 00893nam a22002657a 4500
001 BR7503862
003 BR-BrBNA
005 20230928084832.0
007 ta
008 230509b bl.||||| |||| 00| 0 por d
040 _aBR-BrBNA
_bpor
_cBiblioteca Nacional de Agricultura
041 _a(Por)
072 _aE10; C00
_b/G514
090 _ E10 BR7503862
110 1 _aEmpresa de Assistencia Tecnica e Extensao Rural de Santa Catarina, Florianopolis (Brasil)
_93993
245 1 _aCredito rural educativo; analise do programa de 1975 [Santa Catarina, Brasil]
260 3 _aFlorianopolis, SC (Brasil):
_c1975.
300 _a23 p.
500 _a(*) Documento disponível no(a) Empresa Catarinense de Pesquisa Agropecuaria, Florianopolis, SC (Brazil)
650 _aCREDITO RURAL
650 _aEDUCACAO
650 _aSANTA CATARINA
909 _a202309
_bLucia
_c55
_dLucia Elande
942 _cBK
999 _c21373
_d21373